000 00930nam a2200301 c 4500
999 _c421834
_d421834
003 BLK
005 20210628113936.0
008 180410b bul|||||r ||||||| ||bul||
040 _aBLK
041 _aFRE
_cFRE
080 _aАмериканска литература (на САЩ)
_b821.111(73)
_x-31
_z821.111(73)-31
100 _aWetherell, Elizabeth
_eпърви автор
_9458927
139 _aWetherell, Elizabeth
245 1 0 _aQueechy
_cElizabeth Wetherell
250 _a4e édition, traduction revue et corrigée
260 _bCh. Meyrueis
_c1870
_9458928
_aParis
300 _a316 p.
_c18 см
380 _aX
490 _9435080
_aКолекция Редки и ценни издания
500 _aИстинското име на авт. е Susan Bogert Warner.
852 _aРф 870
_bРц
856 4 _qpdf
856 4 _qpdf
942 _cKNG
_n0
_s1
944 _aCR
_c2021-06-28
_kНР